000 01058nam0a2200289 4500
001 RU\NLR\bibl\1308967
005 20250615153400.0
010 _a978-5-88782-281-5
_912000
021 _aRU
_b2008-86411
_95044
035 _a(NLR Aleph) 001294437
090 _a579728
_c579728
100 _a20081217d2008 |||y0rusy50 ca
101 0 _arus
102 _aRU
105 _aa |||||||||
200 1 _aСборник формул по математике
_fА. Е. Цикунов
210 _aСанкт-Петербург [и др.]
_cПитер
_d2008
_eПетрозаводск
_gГУП РК Респ. тип. им. П.Ф. Анохина
215 _a160 с.
_cил.
_d14
225 1 _aКарманный справочник
606 1 _aМатематические формулы
_jСправочники
_91535090
_3RU\NLR\auth\66668884
686 _aВ1я27
700 1 _aЦикунов
_bА. Е.
_gАнтон Ефимович
_4070
801 0 _aRU
_bNLR
_c20081217
_gRCR
801 1 _aRU
_bNLR
_c20081217
942 _cBOOK
980 _aNB